| 000 | 00593nam a2200217Ia 4500 | ||
|---|---|---|---|
| 003 | OSt | ||
| 005 | 20220928140609.0 | ||
| 006 | a|||||r|||| 00| 0 | ||
| 007 | ta | ||
| 008 | 220927b |||||||| |||| 00| 0 eng d | ||
| 024 | _a9783 | ||
| 037 | _cTextual | ||
| 040 |
_aSDCL _cSDCL _beng |
||
| 041 |
_2eng _aeng |
||
| 082 | _aD6,8(B289C), N0 | ||
| 100 |
_aGotteried Byron S Ed. _9496143 |
||
| 245 | 0 | _aSchaum's outline of theory and problems of programming with c | |
| 260 | _c1990 | ||
| 942 |
_hD6,8(B289C), N0 _cTEXL _2CC |
||
| 999 |
_c812410 _d812410 |
||